María, madre del Redentor / (Record no. 178135)

MARC details
000 -LEADER
campo de control de longitud fija 00775nam a2200229 i 4500
001 - NÚMERO DE CONTROL
campo de control 178135
003 - IDENTIFICADOR DE NÚMERO DE CONTROL
campo de control ES-MaACL
005 - FECHA Y HORA DE LA ÚLTIMA TRANSACCIÓN
campo de control 20250820051419.0
007 - CAMPO FIJO DE DESCRIPCIÓN FÍSICA--INFORMACIÓN GENERAL
campo de control de longitud fija t|
008 - DATOS DE LONGITUD FIJA--INFORMACIÓN GENERAL
campo de control de longitud fija 110519s1965 sp r ||||1| spa d
080 ## - NÚMERO DE LA CLASIFICACIÓN DECIMAL UNIVERSAL
Número de la Clasificación Decimal Universal 27 Virgen María
100 1# - ENTRADA PRINCIPAL--NOMBRE DE PERSONA
Nombre de persona Schelkle, Karl Hermann.
9 (RLIN) 104284
245 10 - MENCIÓN DEL TÍTULO
Título María, madre del Redentor /
Mención de responsabilidad, etc. Karl Hermann Schelkle ; [versión castellana por I.C.M. Broekman, revisada por María Navarro].
260 ## - PUBLICACIÓN, DISTRIBUCIÓN, ETC.
Lugar de publicación, distribución, etc. Barcelona :
Nombre del editor, distribuidor, etc. Herder,
Fecha de publicación, distribución, etc. 1965.
300 ## - DESCRIPCIÓN FÍSICA
Extensión 94 p. ;
Dimensiones 18 cm.
490 1# - MENCIÓN DE SERIE
Mención de serie Pequeña biblioteca Herder ;
Designación de volumen o secuencia 65
600 04 - PUNTO DE ACCESO ADICIONAL DE MATERIA--NOMBRE DE PERSONA
Nombre de persona Virgen María
9 (RLIN) 115436
700 1# - ENTRADA AGREGADA--NOMBRE PERSONAL
Nombre de persona Broekman, I. C. M.
9 (RLIN) 146612
830 1# - PUNTO DE ACCESO ADICIONAL DE SERIE-TÍTULO UNIFORME
Título uniforme Pequeña biblioteca Herder ;
Designación de volumen o secuencia 65
9 (RLIN) 190720
852 ## - LOCALIZACIÓN
Ubicación ES-MaACL
Número de control de estantería E-15159
Encuadernación Olim P-274
Holdings
Estatus retirado Estado de pérdida Estado de daño No para préstamo Biblioteca de origen Biblioteca actual Ubicación en estantería Fecha de adquisición Fuente de adquisición Total de préstamos Signatura topográfica completa Código de barras Visto por última vez Precio de reemplazo Tipo de ítem Koha
        Biblioteca del Ateneo de Madrid Biblioteca del Ateneo de Madrid Depósito 2 19/05/2011     E-15159 1187129 23/02/2023 23/02/2023 Libro impreso